[Event "Budapest FS12 FM-B"]
[Site "Budapest"]
[Date "2014.12.15"]
[Round "9"]
[White "Leost, Joel"]
[Black "Takacs, Zsolt Otto"]
[Result "0-1"]
[WhiteElo "1443"]
[BlackElo "1782"]
[PlyCount "60"]
[EventDate "2014.12.06"]
[EventType "tourn"]
[EventRounds "9"]
[EventCountry "HUN"]
[SourceTitle "CBM 163 Extra"]
[Source "ChessBase"]
[SourceDate "2014.12.23"]
[SourceVersion "1"]
[SourceVersionDate "2014.12.23"]
[SourceQuality "1"]

1. e4 c5 2. Bc4 e6 3. Nc3 Nc6 4. Nf3 a6 5. d4 b5 6. Be2 cxd4 7. Nxd4 Bb7 8. a3 Bc5 9. Nxc6 Bxc6 10. 0-0 Ne7 11. Qd3 0-0 12. Be3 Qb6 13. Bf3 Bxe3 14. Qxe3 Qxe3 15. fxe3 Ng6 16. Rad1 Ne5 17. Be2 Rab8 18. Rd4 a5 19. b3 Rfc8 20. Rc1 Kf8 21. h3 Ke7 22. Nd1 Ba8 23. Nb2 Rc3 24. Nd3 Nc6 25. Kf2 Nxd4 26. exd4 Bxe4 27. g3 d6 28. Ke3 f5 29. Kd2 Rbc8 30. h4 Kf6 0-1

[Event "Budapest FS12 FM-B"]
[Site "Budapest"]
[Date "2014.12.13"]
[Round "8"]
[White "Szlenka, Attila"]
[Black "Leost, Joel"]
[Result "1-0"]
[WhiteElo "1773"]
[BlackElo "1443"]
[PlyCount "91"]
[EventDate "2014.12.06"]
[EventType "tourn"]
[EventRounds "9"]
[EventCountry "HUN"]
[SourceTitle "CBM 163 Extra"]
[Source "ChessBase"]
[SourceDate "2014.12.23"]
[SourceVersion "1"]
[SourceVersionDate "2014.12.23"]
[SourceQuality "1"]

1. c4 f5 2. Nc3 Nf6 3. Nf3 e6 4. g3 b6 5. Bg2 Bb7 6. 0-0 Be7 7. a3 0-0 8. b4 c6 9. Qb3 Na6 10. d4 Nc7 11. Ne5 Rc8 12. Rd1 d5 13. c5 Ne4 14. Na4 Nb5 15. f3 Ng5 16. Nb2 Bf6 17. Bxg5 Bxg5 18. a4 Nc7 19. b5 Ne8 20. f4 Bf6 21. Nbd3 g5 22. e3 Qc7 23. Rdc1 Bd8 24. Rab1 Rb8 25. cxb6 Qxb6 26. Nd7 Qc7 27. Nxb8 Qxb8 28. Ne5 cxb5 29. Qxb5 Nd6 30. Qd7 gxf4 31. Qxe6+ Kh8 32. gxf4 Rf6 33. Qd7 Ba5 34. Rc2 a6 35. Bxd5 Rg6+ 36. Nxg6+ hxg6 37. Rxb7 Nxb7 38. Rc8+ Qxc8 39. Qxc8+ Nd8 40. Qd7 g5 41. Qe8+ Kg7 42. Qe7+ Kh6 43. Qf6+ Kh7 44. Qxf5+ Kg7 45. Qxg5+ Kf8 46. h4 1-0

[Event "Saint Affrique op 22nd"]
[Site "Saint Affrique"]
[Date "2014.07.24"]
[Round "7"]
[White "Zachary, Caroline"]
[Black "Leost, Joel"]
[Result "0-1"]
[WhiteElo "1307"]
[BlackElo "1445"]
[PlyCount "82"]
[EventDate "2014.07.19"]
[EventType "swiss"]
[EventRounds "9"]
[EventCountry "FRA"]
[SourceTitle "CBM 161 Extra"]
[Source "ChessBase"]
[SourceDate "2014.08.29"]
[SourceVersion "1"]
[SourceVersionDate "2014.08.29"]
[SourceQuality "1"]

1. d4 f5 2. Bf4 Nf6 3. Nf3 e6 4. e3 Be7 5. Bd3 b6 6. 0-0 Bb7 7. Nbd2 0-0 8. Re1 Ne4 9. c3 g5 10. Bg3 g4 11. Ne5 d6 12. Nec4 Nxg3 13. fxg3 Nc6 14. Bc2 b5 15. Na3 a6 16. Bd3 Rf6 17. e4 Qf8 18. e5 Rg6 19. Nc2 Qg7 20. b3 Re8 21. exd6 cxd6 22. Rb1 Bg5 23. b4 h5 24. d5 Ne5 25. Nb3 Bxd5 26. Ne3 Qa7 27. Qe2 Bxe3+ 28. Qxe3 Qa8 29. Re2 Nxd3 30. Qxd3 Bc4 31. Qd2 Bxe2 32. Qxe2 e5 33. Rd1 Kf7 34. c4 Qe4 35. Qxe4 fxe4 36. cxb5 axb5 37. Re1 d5 38. Nc1 Rf6 39. Ne2 d4 40. Nc1 e3 41. Nd3 Ra8 0-1

[Event "Saint Affrique op 22nd"]
[Site "Saint Affrique"]
[Date "2014.07.21"]
[Round "3"]
[White "Jackson, Thomas"]
[Black "Leost, Joel"]
[Result "1-0"]
[WhiteElo "1694"]
[BlackElo "1445"]
[PlyCount "67"]
[EventDate "2014.07.19"]
[EventType "swiss"]
[EventRounds "9"]
[EventCountry "FRA"]
[SourceTitle "CBM 161 Extra"]
[Source "ChessBase"]
[SourceDate "2014.08.29"]
[SourceVersion "1"]
[SourceVersionDate "2014.08.29"]
[SourceQuality "1"]

1. d4 f5 2. Bg5 Nf6 3. Bxf6 exf6 4. e3 d5 5. g3 Be6 6. Bg2 c6 7. Nd2 g6 8. Ne2 Nd7 9. Nf4 Kf7 10. Rc1 Nb6 11. c3 Bd6 12. Nxe6 Kxe6 13. 0-0 Kf7 14. c4 Bc7 15. Qb3 Rc8 16. c5 Nd7 17. Qxb7 Ba5 18. Nb3 Ke7 19. Qxa7 Ra8 20. Qb7 Rc8 21. Qa6 Nb8 22. Qxa5 Rc7 23. Rfd1 Re8 24. Bf1 Kf8 25. Qb4 Qe7 26. a3 Rb7 27. Qc3 Ra7 28. Nd2 h5 29. h4 g5 30. Nf3 g4 31. Ne1 Qc7 32. Ng2 Kf7 33. Nf4 Rh8 34. Bd3 1-0

[Event "FRA-ch op-D"]
[Site "Pau"]
[Date "2012.08.15"]
[Round "2"]
[White "Leost, Joel"]
[Black "Karsenti, Madeleine"]
[Result "1-0"]
[WhiteElo "1491"]
[BlackElo "1407"]
[PlyCount "39"]
[EventDate "2012.08.14"]
[EventType "swiss"]
[EventRounds "11"]
[EventCountry "FRA"]
[SourceTitle "EXT 2014"]
[Source "ChessBase"]
[SourceDate "2013.11.20"]
[SourceVersion "1"]
[SourceVersionDate "2013.11.20"]
[SourceQuality "1"]

1. e4 e5 2. Bc4 d6 3. Nc3 Nf6 4. Nf3 Be7 5. d4 exd4 6. Nxd4 0-0 7. 0-0 Nxe4 8. Nxe4 d5 9. Bd3 dxe4 10. Bxe4 Bf6 11. Be3 Nd7 12. c3 a6 13. f4 Re8 14. Qf3 Nc5 15. Bc2 Rb8 16. Rae1 Ne6 17. Nf5 c5 18. Qg3 Kh8 19. Rd1 Qe7 20. Nxe7 1-0

[Event "EU-ch 12th"]
[Site "Aix les Bains"]
[Date "2011.03.24"]
[Round "3"]
[White "Leost, Joel"]
[Black "Yelken, Mustafa"]
[Result "0-1"]
[WhiteElo "1545"]
[BlackElo "2032"]
[PlyCount "68"]
[EventDate "2011.03.22"]
[EventType "swiss"]
[EventRounds "11"]
[EventCountry "FRA"]
[SourceTitle "CBM 142 Extra"]
[Source "ChessBase"]
[SourceDate "2011.06.27"]
[SourceVersion "1"]
[SourceVersionDate "2011.06.27"]
[SourceQuality "1"]

1. e4 c5 2. Bc4 Nc6 3. Nc3 g6 4. Nf3 Bg7 5. a3 e6 6. 0-0 Nge7 7. d3 0-0 8. Bg5 f6 9. Be3 d5 10. exd5 exd5 11. Ba2 b6 12. Ne2 Be6 13. c3 Ne5 14. Ne1 Ng4 15. Bf4 g5 16. Bg3 h5 17. h3 Nh6 18. Qc2 Qd7 19. d4 Rae8 20. Bb3 c4 21. Ba2 Bf5 22. Qd2 Nf7 23. Bh2 Bh6 24. Qd1 Ng6 25. Ng3 Be6 26. Nxh5 Nd6 27. Bb1 f5 28. Be5 Ne4 29. Bxe4 fxe4 30. Nf6+ Rxf6 31. Bxf6 g4 32. h4 Rf8 33. Bg5 Bxg5 34. hxg5 Qh7 0-1

[Event "Moscow op-E"]
[Site "Moscow"]
[Date "2011.02.03"]
[Round "6.251"]
[White "Leost, Joel"]
[Black "Rakaev, Rishat"]
[Result "0-1"]
[WhiteElo "1565"]
[BlackElo "1955"]
[PlyCount "44"]
[EventDate "2011.01.29"]
[EventType "swiss"]
[EventRounds "9"]
[EventCountry "RUS"]
[SourceTitle "EXT 2022"]
[Source "ChessBase"]
[SourceDate "2021.10.06"]
[SourceVersion "1"]
[SourceVersionDate "2021.10.06"]
[SourceQuality "1"]

1. e4 e6 2. f4 g6 3. Nf3 Be7 4. d4 d6 5. Nc3 Nc6 6. Be3 d5 7. e5 Nh6 8. g3 Nf5 9. Qd2 h5 10. 0-0-0 Bb4 11. Bf2 Bd7 12. Bd3 Nce7 13. Be1 c5 14. Qf2 cxd4 15. Nxd4 Bc5 16. Nce2 Qb6 17. c3 Nc6 18. Bc2 a5 19. Qg1 a4 20. Bf2 Na5 21. Bd3 Rc8 22. Rd2 Ra8 0-1

[Event "Moscow op-E"]
[Site "Moscow"]
[Date "2011.02.01"]
[Round "4.231"]
[White "Leost, Joel"]
[Black "Nesterov, Sergei"]
[Result "0-1"]
[WhiteElo "1565"]
[BlackElo "1997"]
[PlyCount "52"]
[EventDate "2011.01.29"]
[EventType "swiss"]
[EventRounds "9"]
[EventCountry "RUS"]
[SourceTitle "EXT 2022"]
[Source "ChessBase"]
[SourceDate "2021.10.06"]
[SourceVersion "1"]
[SourceVersionDate "2021.10.06"]
[SourceQuality "1"]

1. e4 Nf6 2. Nc3 e6 3. d4 Bb4 4. Bd3 d5 5. e5 Nfd7 6. Nf3 c5 7. Bb5 Qa5 8. Bxd7+ Nxd7 9. Bd2 cxd4 10. Nxd4 Nxe5 11. 0-0 0-0 12. a3 Qb6 13. Be3 Bxc3 14. bxc3 Nc4 15. Rb1 Nxe3 16. fxe3 Qc5 17. Qd3 a6 18. Rf4 Qe7 19. Nf3 f5 20. Qd4 g5 21. Nxg5 Qxg5 22. Rb6 Qg7 23. Qb4 Kh8 24. Rh4 a5 25. Qf4 Ra6 26. Rb1 Rc6 0-1